000 00457nam a2200157Ia 4500
008 100122s9999 xx 000 0 und d
082 _b62234
_a823.08
100 _aबनहट्टी राजेंद्र
245 _aगंगार्पण
250 _a2
260 _bमॅजेस्टिक प्रकाशन
_c2002
300 _a204
630 _aगंगार्पण
730 _aगंगार्पण
942 _cBOOK
999 _c436623
_d436620